000 00662nam a2200229Ia 4500
005 20250508170109.0
008 008 250505s9999 xx 000 0 eng d
020 _a978-93-5195-279-4
037 _aTextual
040 _aFEDL
_beng
_cFEDL
041 _aeng
_2eng
084 _a304.62, BRI
_qFEDL
100 _aBricker Darrell
_9783010
245 0 _aEmpty planet: The shock of global population decline
260 _aLondon, UK
_bRobinson
_c2019
300 _a288p.
365 _aINR
_b599
546 _aGifted by Prof. Namita Ranganathan
700 _a Ibbitson John
_9783011
942 _cTEXL
_h304.62, BRI
999 _c1399195
_d1399195